Statystyki dla Największe miasta w województwie warmińsko-mazurskim A-Z

Kliknij tutaj aby rozwiązać quiz!

Ogólne statystyki

  • Ten quiz został rozwiązany 4 332 razy
    (2 469 od ostatniego zresetowania)
  • Średni wynik to 9 z 18

Statystyki odpowiedzi

#MiastoPopulacja% Poprawnych
OOlsztyn170 255
98%
EElbląg115 220
91%
IIława32 644
72%
GGiżycko28 233
69%
MMrągowo21 325
66%
BBartoszyce22 281
59%
FFrombork2 159
56%
KKętrzyn26 174
54%
LLidzbark Warmiński14 878
49%
PPisz18 245
49%
SSzczytno22 389
49%
NNidzica13 052
48%
DDziałdowo20 670
46%
WWęgorzewo10 879
45%
RRuciane-Nida4 186
27%
JJeziorany3 055
18%
TTolkmicko2 464
18%
ZZalewo2 078
15%

Rozkład punktacji

Percentyl według liczby udzielonych odpowiedzi

Procent ludzi z każdym wynikiem

Twoja historia wyników

Nie rozwiązałeś tego quizu od ostatniego zresetowania